| 000 | 00425nam a22001337a 4500 | ||
|---|---|---|---|
| 999 |
_c518123 _d518123 |
||
| 008 | 210823b ||||| |||| 00| 0 eng d | ||
| 100 |
_aHabib, Irfan _928582 |
||
| 245 | _aThe UGC’s ‘Framework’ for teaching Indian history to undergraduates: A note | ||
| 260 | _aSocial Scientist | ||
| 300 | _a49(3-4), Mar-Apr, 2021: p.21-28 | ||
| 773 | _aSocial Scientist | ||
| 906 | _aHISTORY - STUDY AND TEACHING | ||
| 942 | _cAR | ||